| 000 | 01042 a2200313 4500 | ||
|---|---|---|---|
| 003 | BJBSDDR | ||
| 005 | 20260331132402.0 | ||
| 007 | ta | ||
| 008 | 250307s1988 sp 00| 0 spa d | ||
| 020 | _a9788425907814 | ||
| 020 | _a8425907810 | ||
| 040 |
_bspa _cBJBSDDR |
||
| 041 | _aspa | ||
| 050 | 1 | 4 |
_aKKT 3098 _bM636f 1988 |
| 100 | 1 |
_aMiguel Rodríguez, Jesús M. de, _d1947- _947424 |
|
| 245 | 1 | 3 |
_aEl futuro de la salud / _cJesús M. de Miguel, Francisco Javier Yuste, Maria Angeles Durán |
| 260 |
_aMadrid : _bCentro de Estudios Constitucionales, _c1988. |
||
| 300 |
_a145 páginas ; _c22 cm. |
||
| 490 | 1 |
_aCuadernos y debates, _v6 |
|
| 504 | _aIncluye bibliografía | ||
| 650 | 4 |
_aServicios de salud _xLegislación _923300 _zEspaña |
|
| 650 | 4 |
_aSalud pública _97116 _zEspaña |
|
| 650 | 4 |
_aServicios de salud _97115 _zEspaña |
|
| 700 | 1 |
_aYuste Grijalba, Francisco Javier _947426 |
|
| 700 | 1 |
_aDurán, María Ángeles _943031 |
|
| 830 | 0 |
_aCuadernos y debates ; _911498 _v6 |
|
| 942 |
_2lcc _cBK |
||
| 946 | _irmza | ||
| 999 |
_c122940 _d122940 |
||